<?xml version="1.0" encoding="UTF-8"?>
<marc:record xmlns:marc="http://www.loc.gov/MARC21/slim">
   <marc:leader>00000nam a2200000 a 4500</marc:leader>
   <marc:datafield ind1="1" ind2=" " tag="100">
      <marc:subfield code="a">Holliday, Lucy</marc:subfield>
      <marc:subfield code="4">aut</marc:subfield>
      <marc:subfield code="e">Verfasser/-in</marc:subfield>
   </marc:datafield>
   <marc:datafield ind1=" " ind2=" " tag="653">
      <marc:subfield code="a">Frauenunterhaltung</marc:subfield>
   </marc:datafield>
   <marc:datafield ind1=" " ind2=" " tag="653">
      <marc:subfield code="a">Für Frauen</marc:subfield>
   </marc:datafield>
   <marc:datafield ind1=" " ind2=" " tag="653">
      <marc:subfield code="a">Audrey Hepburn</marc:subfield>
   </marc:datafield>
   <marc:datafield ind1=" " ind2=" " tag="653">
      <marc:subfield code="a">Bridget Jones</marc:subfield>
   </marc:datafield>
   <marc:datafield ind1=" " ind2=" " tag="653">
      <marc:subfield code="a">Schauspieler</marc:subfield>
   </marc:datafield>
   <marc:datafield ind1=" " ind2=" " tag="653">
      <marc:subfield code="a">Liebesroman</marc:subfield>
   </marc:datafield>
   <marc:datafield ind1=" " ind2=" " tag="653">
      <marc:subfield code="a">Humorvoll</marc:subfield>
   </marc:datafield>
   <marc:datafield ind1=" " ind2=" " tag="653">
      <marc:subfield code="a">Hollywood</marc:subfield>
   </marc:datafield>
   <marc:datafield ind1=" " ind2=" " tag="653">
      <marc:subfield code="a">Lustig</marc:subfield>
   </marc:datafield>
   <marc:datafield ind1=" " ind2=" " tag="653">
      <marc:subfield code="a">London</marc:subfield>
   </marc:datafield>
   <marc:datafield ind1=" " ind2=" " tag="653">
      <marc:subfield code="a">Liebe</marc:subfield>
   </marc:datafield>
   <marc:datafield ind1=" " ind2=" " tag="653">
      <marc:subfield code="a">Softcover / Belletristik/Gegenwartsliteratur (ab 1945)</marc:subfield>
   </marc:datafield>
   <marc:datafield ind1=" " ind2=" " tag="653">
      <marc:subfield code="a">Fiktionale Darstellung</marc:subfield>
   </marc:datafield>
   <marc:datafield ind1=" " ind2=" " tag="653">
      <marc:subfield code="a">Erzählende Literatur: Gegenwartsliteratur ab 1945</marc:subfield>
   </marc:datafield>
   <marc:datafield ind1="0" ind2="0" tag="245">
      <marc:subfield code="a">Und dann saß Audrey Hepburn auf meiner Couch</marc:subfield>
   </marc:datafield>
   <marc:datafield ind1="0" ind2="0" tag="245">
      <marc:subfield code="b">Roman</marc:subfield>
   </marc:datafield>
   <marc:datafield ind1="0" ind2="0" tag="245">
      <marc:subfield code="c">Lucy Holliday ; ins Deutsche übertragen von Marion Herbert</marc:subfield>
   </marc:datafield>
   <marc:datafield ind1=" " ind2="1" tag="264">
      <marc:subfield code="a">Köln</marc:subfield>
      <marc:subfield code="b">INK Egmont</marc:subfield>
      <marc:subfield code="c">2016</marc:subfield>
   </marc:datafield>
   <marc:datafield ind1=" " ind2=" " tag="250">
      <marc:subfield code="a">Deutschsprachige Erstausgabe, 1. Auflage</marc:subfield>
   </marc:datafield>
   <marc:datafield ind1="1" ind2=" " tag="520">
      <marc:subfield code="a">Angaben aus der Verlagsmeldung

Und dann saß Audrey Hepburn auf meiner Couch One night with Audrey Hepburn / von Lucy Holliday

Seit ihrer Kindheit versucht Libby Lomax, in der Filmbranche Fuß zu fassen. Während ihre Schwester bereits den einen oder anderen lukrativen Job ergattern konnte, wartet sie noch auf den großen Durchbruch (oder besser gesagt: ihre erste Sprechrolle überhaupt). Eigentlich denkt Libby schon seit Langem darüber nach, ob eine Karriere als Schauspielerin überhaupt das Richtige für sie ist. Als sie sich am Set ihres neuesten Films nicht nur vor dem gesamten Ensemble, sondern auch vor dem attraktiven und supererfolgreichen Filmstar Dillon O'Hara zu Tode blamiert, zieht sie sich abends auf ihr altes, mitgenommenes Sofa zurück und tut das, was sie immer tut, wenn sie Aufmunterung braucht: Sie schaut Frühstück bei Tiffany. Doch dann geschieht das Unglaubliche: Plötzlich sitzt Audrey Hepburn neben ihr auf der Couch - im Givenchy-Cocktailkleid, mit Sonnenbrille, Collier und Zigarettenhalter. Und nicht nur das: Audrey Hepburn beginnt, Libby Ratschläge zu geben! Für ihr Leben, die Liebe und allen voran: ihre Frisur! Libby ist sich sicher, dass sie endgültig den Verstand verliert. Doch am nächsten Abend ist Audrey wieder da, Und dann wieder. Und Libby beginnt zu hoffen, dass ihr Leben vielleicht doch zum Blockbuster wird ...
</marc:subfield>
   </marc:datafield>
   <marc:datafield ind1=" " ind2=" " tag="020">
      <marc:subfield code="a">9783863960902</marc:subfield>
      <marc:subfield code="9">9783863960902</marc:subfield>
   </marc:datafield>
   <marc:datafield ind1=" " ind2=" " tag="020">
      <marc:subfield code="a">3863960904</marc:subfield>
      <marc:subfield code="9">3863960904</marc:subfield>
   </marc:datafield>
   <marc:datafield ind1=" " ind2=" " tag="300">
      <marc:subfield code="a">347 Seiten</marc:subfield>
   </marc:datafield>
</marc:record>
